000 00408nam a2200157Ia 4500
008 160316s1997 xxu||||| |||| 00| 0 eng d
082 _a345.000000
_bSOU
100 _a
245 _aSouth African Law Commission
250 _a
260 _aAfrica
_bSouth African Law Commission
_c1997
300 _a69
_b
_c
365 _b
650 _a1. South African Law Commission 2. Law Commission
700 _a
_a
999 _c34309
_d34309